Foundations of educational technology : integrative approaches and interdisciplinary perspectives

Bibliographic Details
Main Author: J. M. Spector
Format: Unknown
Published: Routledge ; Taylor & Francis Group,
Edition:Third edition.
LEADER 00339 a2200109 4500
020 |a 9781032214320 
100 |a J. M. Spector.  |9 60724 
245 |a Foundations of educational technology : integrative approaches and interdisciplinary perspectives 
250 |a Third edition. 
260 |b Routledge ; Taylor & Francis Group, 
942 |c BK 
999 |c 47949  |d 47949